All Croatian olympic medals (summer and winter) - Statistics

General Stats
  • This quiz has been taken 20 times
    14 since last reset
  • The average score is 48 of 59
Answer Stats
Olympic Games Sport Event Medal Athlete / Team % Correct
1992 Barcelona Team Sport Mens Tournament Silver Basketball
100%
2008 Beijing Athletics Womens High Jump Silver Blanka Vlašić
100%
2016 Rio de Janeiro Athletics Womens High Jump Bronze Blanka Vlašić
100%
2012 London Rowing Mens Quadruple Sculls Silver David Šain, Martin Sinković, Valent Sinković, Damir Martin
100%
1996 Atlanta Team Sport Mens Tournament Gold Handball
100%
2004 Athens Team Sport Mens Tournament Gold Handball
100%
2012 London Team Sport Mens Tournament Bronze Handball
100%
2016 Rio de Janeiro Rowing Mens Double Sculls Gold Martin Sinković, Valent Sinković
100%
2020 Tokyo Rowing Mens Coxless pair Gold Martin Sinković, Valent Sinković
100%
2024 Paris Rowing Mens coxless pair Gold Martin Sinković, Valent Sinković
100%
2012 London Athletics Womens Discuss Throw Gold Sandra Perković
100%
2016 Rio de Janeiro Athletics Womens Discuss Throw Gold Sandra Perković
100%
2024 Paris Athletics Womens Discuss Throw Bronze Sandra Perković
100%
2016 Rio de Janeiro Athletics Womens Javelin Throw Gold Sara Kolak
100%
1996 Atlanta Team Sport Mens Tournament Silver Water Polo
100%
2012 London Team Sport Mens Tournament Gold Water Polo
100%
2016 Rio de Janeiro Team Sport Mens Tournament Silver Water Polo
100%
2024 Paris Team Sport MensTournament Silver Water polo
100%
2016 Rio de Janeiro Rowing Mens Single Sculls Silver Damir Martin
92%
2020 Tokyo Rowing Mens Single Sculls Bronze Damir Martin
92%
1992 Barcelona Tennis Mens Singles Bronze Goran Ivanišević
92%
1992 Barcelona Tennis Mens Doubles Bronze Goran Ivanišević, Goran Prpić
92%
2006 Turin Alpine Skiing Mens Combined Silver Ivica Kostelić
92%
2010 Vancouver Alpine Skiing Mens Combined Silver Ivica Kostelić
92%
2010 Vancouver Alpine Skiing Mens Slalom Silver Ivica Kostelić
92%
2014 Sochi Alpine Skiing Mens Combined Silver Ivica Kostelić
92%
2002 Salt Lake City Alpine Skiing Womens Combined Gold Janica Kostelić
92%
2002 Salt Lake City Alpine Skiing Womens Slalom Gold Janica Kostelić
92%
2002 Salt Lake City Alpine Skiing Womens Giant Slalom Gold Janica Kostelić
92%
2002 Salt Lake City Alpine Skiing Womens Super-G Silver Janica Kostelić
92%
2006 Turin Alpine Skiing Womens Combined Gold Janica Kostelić
92%
2006 Turin Alpine Skiing Womens Super-G Silver Janica Kostelić
92%
2008 Beijing Gymnastics Mens pommel horse Silver Filip Ude
83%
2012 London Shooting Mens Trap Gold Giovanni Cernogoraz
83%
2020 Tokyo Tennis Mens Doubles Silver Marin Čilić, Ivan Dodig
83%
2020 Tokyo Tennis Mens Doubles Gold Nikola Mektić, Mate Pavić
83%
2016 Rio de Janeiro Sailing Mens 470 Gold Šime Fantela, Igor Marenić
83%
2016 Rio de Janeiro Shooting Mens Trap Gold Josip Glasnović
75%
2004 Athens Tennis Mens Doubles Bronze Mario Ančić, Ivan Ljubičić
75%
2020 Tokyo Gymnastics Mens Horizontal bar Silver Tin Srbić
75%
2024 Paris Tennis Womens Singles Silver Donna Vekić
67%
2004 Athens Swimming Mens 50 metre freestyle Silver Duje Draganja
67%
2016 Rio de Janeiro Boxing Mens Super Heavyweight Bronze Filip Hrgović
67%
2010 Vancouver Biathlon Mens Sprint Bronze Jakov Fak
67%
2012 London Taekwondo Womens 49kg Bronze Lucija Zaninović
67%
2000 Sydney Weightlifting Mens 62kg Gold Nikolaj Pešalov
67%
2004 Athens Weightlifting Mens 69kg Bronze Nikolaj Pešalov
67%
2016 Rio de Janeiro Sailing Mens Laser Silver Tonči Stipanović
67%
2020 Tokyo Sailing Mens Laser Silver Tonči Stipanović
67%
2020 Tokyo Taekwondo 80kg Bronze Toni Kanaet
67%
2024 Paris Judo Womens 70kg Gold Barbara Matić
58%
2008 Beijing Shooting Womens 10 metre air rifle Bronze Snježana Pejčić
58%
2000 Sydney Rowing Mens Eight With Coxswain Bronze Igor Francetić, Tihomir Franković, Tomislav Smoljanović, Nikša Skelin, Siniša Skelin, Krešimir Čuljak, Igor Boraska, Branimir Vujević, Silvijo Petriško
50%
2008 Beijing Taekwondo Womens 57kg Bronze Martina Zubčić
50%
2020 Tokyo Taekwondo Womens 67kg Gold Matea Jelić
50%
2004 Athens Rowing Mens Coxless pair Silver Nikša Skelin, Siniša Skelin
50%
2008 Beijing Taekwondo Womens 67kg Bronze Sandra Šarić
50%
2024 Paris Shooting Mens 10 metre air rifle Bronze Miran Maričić
42%
2024 Paris Taekwondo Women 49kg Bronze Lena Stojković
25%
No matching quizzes found
Score Distribution
Percent of People with Each Score
Percentile by Number Answered
Your Score History
You have not taken this quiz since the last reset